000 00407nam a22001697a 4500
005 20180309110602.0
008 160503b xxu||||| |||| 00| 0 eng d
020 _a81-203-1616-9
041 _aeng
082 _b1139
_a332.6
100 _aKevin S.
_9376
245 _aPortfolio Management
260 _aNew Delhi
_bPrentice hall of India,
_c2005
300 _a170
650 _aManagement
_9241
942 _cBK
999 _c445
_d445